000
00182 a2200097 4500
020
_a
9788432207358
041
_a
spa
100
_a
Susanna Tamaro
245
_a
Anima Mundi
942
_c
K
999
_c
26864
_d
26864